书目信息 |
| 题名: |
新艺术创作论
|
|
| 作者: | 王朝闻 著 | |
| 分册: | ||
| 出版信息: | 北京 人民文学出版社 1979 |
|
| 页数: | 248页 | |
| 开本: | 20cm | |
| 丛书名: | ||
| 单 册: | ||
| 中图分类: | J04 | |
| 科图分类: | ||
| 主题词: | 文艺理论 , 艺术--创作方法 | |
| 电子资源: | ||
| ISBN: | ||
| 000 | 00610nam0 2200229 45 | |
| 001 | 0179009096 | |
| 005 | 20070729115844.32 | |
| 010 | @dCNY1.00 | |
| 091 | @a10019.93 | |
| 100 | @a19950919d1979 em y0chiy0121 ea | |
| 101 | 0 | @achi |
| 102 | @aCN@b110000 | |
| 105 | @ay z 000zy | |
| 200 | 10 | @a新艺术创作论@Axin yi shu chuang zuo lun@f王朝闻著@Fwang chao wen zhu |
| 210 | @a北京@c人民文学出版社@d1979 | |
| 215 | @a248页@d20cm | |
| 606 | @a文艺理论 | |
| 606 | 0 | @a艺术@x创作方法 |
| 690 | @aJ04 | |
| 701 | 0 | @a王朝闻@Awang chao wen@4著 |
| 801 | 0 | @aCN@bNLC@c20070729 |
| 905 | @f1@b67476@dJ04@e19@b67478@f1 | |
| 新艺术创作论/王朝闻著.-北京:人民文学出版社,1979 |
| 248页;20cm |
| ISBN :CNY1.00 |
| ● |
| 相关链接 |
|
|
|
|
正题名:新艺术创作论
索取号:J04/19
 
预约/预借
| 序号 | 登录号 | 条形码 | 馆藏地/架位号 | 状态 | 备注 |
| 1 | 0067475 | 202215361 | 密集书库/ [索取号:J04/19] | 在馆 | |
| 2 | 0067476 | 001216026 | 第一借阅区/ [索取号:J04/19] | 在馆 | |
| 3 | 0067477 | 202215405 | 密集书库/ [索取号:J04/19] | 在馆 | |
| 4 | 0067478 | 001216017 | 第一借阅区/ [索取号:J04/19] | 在馆 | |
| 5 | 0067479 | 001216044 | 第一样本阅览室/ [索取号:J04/19] | 在馆 | |
| 6 | 0444887 | 204448874 | 密集书库/ [索取号:J04/19] | 在馆 | |
| 7 | 0466828 | 204668289 | 密集书库/ [索取号:J04/19] | 在馆 | |
| 8 | 0466829 | 204668298 | 密集书库/ [索取号:J04/19] | 在馆 | |
| 9 | 0785790 | 207857906 | 密集书库/ [索取号:J04/19] | 在馆 |